Catálogo

Vista normal Vista MARC

Entrada Personal Name

Número de registros utilizados en: 1

001 - CONTROL NUMBER

  • control field: 16733

003 - CONTROL NUMBER IDENTIFIER

  • control field: DLC

005 - DATE AND TIME OF LATEST TRANSACTION

  • control field: 20250211162437.0

008 - FIXED-LENGTH DATA ELEMENTS

  • fixed length control field: 971027n| acannaabn |a aaa

010 ## - LIBRARY OF CONGRESS CONTROL NUMBER

  • LC control number: n 97108036

040 ## - CATALOGING SOURCE

  • Original cataloging agency: DLC
  • Transcribing agency: Mx-PuUPA
  • Modifying agency: DLC
  • Modifying agency: Mx-PuUPA
  • Language of cataloging: spa
  • Description conventions: rda

046 ## - SPECIAL CODED DATES

  • Birth date: 1959

100 1# - HEADING--PERSONAL NAME

  • Personal name: Leyva, Gustavo,
  • Dates associated with a name: 1959-

373 ## - ASSOCIATED GROUP

  • Associated group: Departamento de Filosofía de la Universidad Autónoma Metropolitana Unidad Iztapalapa
  • Associated group: Universidad Eberhard Karls de Tubinga en Alemania

374 ## - OCCUPATION

  • Occupation: Autor
  • Occupation: Profesor e Investigador
  • Occupation: Maestría en Romanística
  • Occupation: Doctorado en Filosofía

375 ## - GENDER

  • Gender: hombre

377 ## - ASSOCIATED LANGUAGE

  • Language code: spa

400 1# - SEE FROM TRACING--PERSONAL NAME

  • Personal name: Leyva Martínez, Gustavo,
  • Dates associated with a name: 1959-

400 1# - SEE FROM TRACING--PERSONAL NAME

  • Personal name: Martínez, Gustavo Leyva,
  • Dates associated with a name: 1959-

670 ## - SOURCE DATA FOUND

  • Source citation: Die "Analytik des Schönen" und die ... 1997:
  • Information found: t.p. (Gustavo Leyva) cover, p. 4 (b. 1959 in Mexico City; Ph. D. in Germany; teaches at UNAM-Iztapalapa)

670 ## - SOURCE DATA FOUND

  • Source citation: Cosmopolitismo, 2009:
  • Information found: t.p. (Gustavo Leyva Martínez) p. 346 (dr. in philosophy, Eberhard-Karls-Univ. Tübingen; prof.-researcher, Dpto. de Filosofía, Univ. Aut. Metropolitana-Iztapalapa)